Balas, bombons, caramelos (Record no. 146965)

MARC details
000 -LÍDER
campo de controle de tamanho fixo 00300 a2200121 4500
001 - NÚMERO DE CONTROLE
campo de controle 146965
040 ## - FONTE DA CATALOGAÇÃO
Instituição que transcreveu o registro Escola São Tomás de Aquino
100 ## - ENTRADA PRINCIPAL--NOME PESSOAL
Nome pessoal MACHADO, Ana Maria
240 10 - TÍTULO UNIFORME
Título uniforme Balas, bombons, caramelos
Idioma da obra por
245 10 - TÍTULO
Título Balas, bombons, caramelos
697 ## - ENTRADA DE ASSUNTO LOCAL--ENTIDADE COLETIVA (RLIN)
Nome corporativo ou nome da jurisdição *LITERATURA INFANTO
942 ## - ELEMENTOS DE ENTRADA ADICIONADOS (KOHA)
Tipo de material Koha Livros
Holdings
Situação do descarte Situação das perdas Situação física Não pode ser emprestado Biblioteca de origem Biblioteca atual Data de aquisição Total de empréstimos Número de chamada completo Código de barras Data de último acesso Data do preço efetivo Tipo de material Koha Fonte da classificação ou esquema de arquivamento na estante Nota pública
        ESTA - SÃO BENTO ESTA - SÃO BENTO 30/04/2024   028.52 MAC BAL EST00000843 30/04/2024 30/04/2024 Livros    
        Novo Tempo - Aureliano São José Novo Tempo - Aureliano São José 28/06/2024     if179 28/06/2024 28/06/2024 Livros Classificação Decimal de Dewey B